Central Library OPAC University of Rajshahi

Abdullah / (Record no. 38632)

MARC details
000 -LEADER
fixed length control field 00646nam a2200229 a 4500
001 - CONTROL NUMBER
control field 38632
003 - CONTROL NUMBER IDENTIFIER
rucl marc code BD-RjUL
005 - DATE AND TIME OF LATEST TRANSACTION
control field 20211209052830.0
008 - FIXED-LENGTH DATA ELEMENTS--GENERAL INFORMATION
fixed length control field 160130b1982 pk ||||| |||| 00| 0 urd d
035 ## - SYSTEM CONTROL NUMBER
System control number (BD-RjUL)38740
040 ## - CATALOGING SOURCE
Original cataloging agency BD-RjUL
Language of cataloging urd
Transcribing agency BD-RjUL
041 ## - LANGUAGE CODE
Language code of text/sound track or separate title urd
082 ## - DEWEY DECIMAL CLASSIFICATION NUMBER
Edition number 20
Classification number 891.433
Author mark and year EMA 1982
100 ## - MAIN ENTRY--PERSONAL NAME
Personal name Emdadul haque , qazi
9 (RLIN) 119237
245 ## - TITLE STATEMENT
Title Abdullah /
Statement of responsibility, etc. qazi Emdadul Haque
250 ## - EDITION STATEMENT
Edition statement 2nd . ed.
260 ## - PUBLICATION, DISTRIBUTION, ETC. (IMPRINT)
Place of publication, distribution, etc. karachi :
Name of publisher, distributor, etc. adarah matbuat -i pakistan,
Date of publication, distribution, etc. 1982.
300 ## - PHYSICAL DESCRIPTION
Pagination 384 p. ;
Size 24 cm.
650 ## - SUBJECT ADDED ENTRY--TOPICAL TERM
Topical term or geographic name as entry element urdu literature
Form subdivision fiction
9 (RLIN) 119238
700 ## - ADDED ENTRY--PERSONAL NAME
Personal name Abdul haque , Abul farah muhammad
942 ## - ADDED ENTRY ELEMENTS (KOHA)
Source of classification or shelving scheme Dewey Decimal Classification
Koha item type Books
Holdings
Lost status Source of classification or shelving scheme Damaged status Not for loan Collection code Permanent Location Current Location Shelving location Date acquired Total Checkouts Full call number Date last seen Copy number Koha item type
  Dewey Decimal Classification     Fiction Central Library, University of Rajshahi Central Library, University of Rajshahi   30/01/2016   U 891.433 EMA 1982 30/01/2016 C-2 Books